| 000 | 00780nam a22002297a 4500 | ||
|---|---|---|---|
| 999 |
_c18365 _d18365 |
||
| 003 | AR-CdUCM | ||
| 008 | 190430b ||||| |||| 00| 0 spa d | ||
| 020 | _a84-281-0293-7 | ||
| 040 |
_aMUNICIPALIDAD PROVINCIAL DEL CUSCO _cBIBLIOTECA MUNICIPAL DEL CUSCO |
||
| 082 |
_a306.2 / _bC85 |
||
| 100 |
_aDecouflé, André _938902 |
||
| 245 | _aSociología de las revoluciones / | ||
| 260 |
_aBarcelona : _bOikos-tau, _c1969. |
||
| 300 |
_a143 páginas ; _c20 cm. |
||
| 500 | _aLibro empastado | ||
| 505 | _aContenido : Proyecto revolucionario -- la revolución en actos -- Sociología de la contrarrevolución. | ||
| 650 |
_aSociología _9276 |
||
| 650 |
_aSociología de la revolución _938903 |
||
| 650 |
_aLevantamientos urbanos _938904 |
||
| 942 |
_2ddc _cLIBROS |
||
| 945 | _arcc | ||